Kvantita niektorých prítomných príčastí

Bibliographic Details
Main Author: Meliš-Čuga, Ľudovít, 1911-1995 (Author)
Format: Article
Language:Slovak
Subjects:

MARC

LEADER 00000nab a2200000 a 4500
001 vtls009158112
003 SK-MaSNL
005 20260304153102.0
008 250506c1941 xo |r|p|||||||000 b|slo
015 |a SNBRB2007/11  |2 snkbucl 
035 |a (uuid)35713c32-d4dc-4323-9412-45cfa432f314 
035 |a urn:nbn:sk:snk-ab1dns 
035 |a (urnnbn)urn:nbn:sk:snk:ar-002t7j 
038 |a SNKBUCL 
040 |a SNKBUCL  |b slo  |c SNKBUCL  |e AACR2 
041 0 |a slo 
044 |a xo  |c SK 
080 |a 81`367.625.43:811.162.4  |2 2001 
080 |a 811.162.4`367.625.43  |2 2001 
100 1 |a Meliš-Čuga, Ľudovít,  |d 1911-1995  |4 aut  |9 106648 
245 1 0 |a Kvantita niektorých prítomných príčastí  |c Ľud. Meliš-Čuga 
650 0 7 |a slovenčina  |2 snkbucl  |9 1350 
650 0 7 |a príčastia  |2 snkbucl  |9 315813 
650 0 7 |a slovesá  |2 snkbucl  |9 1325 
650 0 7 |a príčastie prítomné  |2 snkbucl  |9 1474782 
773 0 |t Slovenská reč  |g Roč. IX, č. 1 (1941/1942), s. 8-11 
850 |a Slovenská národná knižnica 
852 |a Slovenská národná knižnica 
954 |a odborná, vedecká literatúra pôvodná (slovenská)  |2 lita 
958 |a article27 
958 |a SK 
958 |a NB 
958 |a OND 
958 |a EUIPO 
999 |c 2952413  |d 2954343